000 009350000a22002050004500
082 0 4 _aG 264.03 B76l
100 1 _aBrook, Stella
245 1 0 _aThe language of the book of common prayer / Stella Brook
260 _aKent, England : Andre Deutsch
300 _a232 páginas
440 0 _aThe Language Library / Edited by Eric Partridge
501 _aPasta dura
505 0 0 _aLa realización del Libro de Oración Común - El fondo lingüístico - El fondo estilístico - El lenguaje del Libro de Oración Común y el lenguaje de la versión autorizada - Las oraciones y órdenes de servicio - El salterio - Las rúbricas, prólogos y artículos de religión - El Libro de Oración Común y el inglés del siglo XX
650 1 4 _aIglesia Anglicana \ Doctrina cristiana \ Oración
001 19056
942 _cBK
999 _c45432
_d45432
336 _atexto
_btxt
_2rdacontent
337 _2rdamedia
_asin mediación
_bn
338 _2rdacarrier
_avolumen
_bnc